Представление документа в формате RUSMARC

ПолеНазваниеЗначение
  Тип записи a
  Библиографический уровень m
001 Контрольный номер a48e7e9a700d4fc69696c87e7e16011b
005 Дата корректировки 20140611104432.6
010 Индекс ISBN __
a ISBN 5-7054-0035-9
101 Язык документа 0_
a Язык текста rus
102 Страна публикации __
a Страна публикации RU
200 Заглавие и сведения об ответственности 1_
a Заглавие Трансформация отчетности в соответствии с МСФО
f Первые сведения об ответственности В. Т. Чая, Г. В. Чая
210 Выходные данные 1_
c Издательство Финансовая газета
a Место издания М.
d Дата издания 2006
215 Физическое описание __
a Объем 44, [4] с.
610 Ключевые слова 0_
a Ключевые слова бухгалтерский учет
610 Ключевые слова 0_
a Ключевые слова бухгалтерская отчетность
610 Ключевые слова 0_
a Ключевые слова международные стандарты
610 Ключевые слова 0_
a Ключевые слова МСФО
686 Индексы других классификаций __
a Классификационный индекс 65.052.9(2)206
2 Код системы rubbk
700 Автор _1
a Фамилия Чая
b Имя В. Т.
g Полное личное имя Владимир Тигранович
701 Альтернативная интеллектуальная ответственность _1
a Фамилия Чая
b Имя Г. В.
g Полное личное имя Георгий Владимирович
801 Источник записи _0
a Страна RU
b Организация РУК
c Дата составления 20060404
g Правила каталогизации PSBO
801 Источник записи _1
a Страна RU
b Организация РУК
c Дата составления 20060404
g Правила каталогизации PSBO
852 Данные о местонахождении __
j Шифр хранения ББК 65.052
i Авторский знак Ч-32
901 Тип документа __
t Тип документа m
938 Служебная информация __
a Название организации Головной вуз
b Имя БД BOOK
c Название АИБС АИБС ИРБИС